Southville International School and Colleges
Your cart is empty.
  • Cart
  • Lists
    Public lists list_1 View all
    Your lists Log in to create your own lists
  • Log in to your account
  • Your cookies
  • Search history
Southville International School and Colleges
  • Advanced search
  • Recent comments
  • Most popular
  • Libraries

Log in to your account

Log in with GOOGLE


If you do not have an external account, but do have a local account, you can still log in:

  1. Home
  2. MARC view: Enchanted fairy tale storybook.
Normal view MARC view ISBD view

Enchanted fairy tale storybook. (Record no. 110011)

[ view plain ]
MARC details
000 -LEADER
fixed length control field 00504nam a2200181 a 4500
001 - CONTROL NUMBER
control field 1939
005 - DATE AND TIME OF LATEST TRANSACTION
control field 20140414131848.0
008 - FIXED-LENGTH DATA ELEMENTS--GENERAL INFORMATION
fixed length control field 030410s19uu xx 00 eng d
020 ## - INTERNATIONAL STANDARD BOOK NUMBER
International Standard Book Number 1-56987-645-2
050 ## - LIBRARY OF CONGRESS CALL NUMBER
Classification number M 398.2
Item number En1
245 ## - TITLE STATEMENT
Title Enchanted fairy tale storybook.
260 ## - PUBLICATION, DISTRIBUTION, ETC. (IMPRINT)
Place of publication, distribution, etc Ashland, Ohio :
Name of publisher, distributor, etc Landoll,
Date of publication, distribution, etc 1996.
300 ## - PHYSICAL DESCRIPTION
Extent 352 p. : ill. ; cm.
520 ## - SUMMARY, ETC.
Summary, etc The fairy tale bedtime collection.
650 ## - SUBJECT ADDED ENTRY--TOPICAL TERM
Topical term or geographic name as entry element Fairy tales collection.
650 ## - SUBJECT ADDED ENTRY--TOPICAL TERM
Topical term or geographic name as entry element Short stories collection.
Holdings
Withdrawn status Lost status Damaged status Use restrictions Home library Current library Shelving location Date acquired Source of acquisition Total Checkouts Full call number Barcode Date last seen Price effective from Koha item type
        Munich Library Munich Library Main Section 12/29/2004     M 398.2 En1 M0250 04/14/2014 04/14/2014 Books

Enchanted fairy tale storybook.

APA

(1996). Enchanted fairy tale storybook. Ashland, Ohio: Landoll.

Chicago

1996. Enchanted fairy tale storybook. Ashland, Ohio: Landoll.

Harvard

(1996). Enchanted fairy tale storybook. Ashland, Ohio: Landoll.

MLA

Enchanted fairy tale storybook. Ashland, Ohio: Landoll. 1996.

  • Place hold
  • Print
  • Cite
  • Add to your cart (remove)
  • Save record
    BIBTEX Dublin Core MARCXML MARC (non-Unicode/MARC-8) MARC (Unicode/UTF-8) MARC (Unicode/UTF-8, Standard) MODS (XML) RIS
  • More searches
    Search for this title in:
    Other Libraries (WorldCat) Other Databases (Google Scholar) Online Stores (Bookfinder.com) Open Library (openlibrary.org)

Exporting to Dublin Core...

SOUTHVILLE LIBRARY

Southville International School and Colleges Library

1281 Tropical Ave. Cor. Luxembourg St., BF Homes International, Las Pinas City

Tel. No. 8256374 / 252358 Loc. 117/146

Powered by Koha